000 00316nam a22001337a 4500
020 _a9781444936391
040 _cNUST
082 _a823-CH BLY
100 _aBlyton, Enid
240 _aThe Famous Five
245 _aFive Fall Into Adventure
260 _aLONDON:
_bHodder Children,s Book
_c1997.
942 _2ddc
_cBK
999 _c593628
_d593628